000
00270 a2200109 4500
001
51152
040
_c
Anchieta - Pituba
240
1
0
_a
Video Language Course
_l
245
1
0
_a
Video Language Course
650
4
_a
Línguas germânicas (teutônicas) língua alemã
942
_c
MX
999
_c
51152
_d
51152